000 00636nam a2200265Ia 4500
005 20260121165830.0
008 008 260114s9999 xx 000 0 eng d
020 _a9783319415086
037 _aEBOOK
040 _aCRL
040 _beng
040 _cCRL
041 _2eng
041 _aeng
084 _qCRL
100 _aGiorgio Fasano, János D. Pintér
_91056583
245 0 _aSpace Engineering
260 _bSpringer
260 _bSpringer
260 _c2016
856 _uhttps://link.springer.com/openurl?genre=book&isbn=978-3-319-41508-6
942 _cEBOOK
999 _c1622311
_d1622311